000 00338nam a2200121Ia 4500
008 230907s9999||||xx |||||||||||||| ||und||
082 _a658.562
_bRYA
100 _aRyan, Thomas P.,
_9115717
245 0 _aStatistical methods for quality improvement /
260 _aWiley,
_bHoboken, N.J. :
_c2011
300 _axxiv, 666 p. :
942 _cBK
999 _c599229
_d599229